Statistics for Marvel Characters' First Appearances (Multiple Choice)

Click here to take the quiz!

General Stats

  • This quiz has been taken 12 times
  • The average score is 13 of 20

Answer Stats

QuestionAnswer% Correct
WolverineIncredible Hulk, the
92%
Spider-ManAmazing Fantasy
83%
Fantastic FourFantastic Four, the
83%
Silver SurferFantastic Four, the
83%
Ant-Man (Hank Pym)Tales to Astonish
83%
X-MenX-Men, the
83%
VisionAvengers, the
75%
Captain AmericaCaptain America Comics
75%
Scarlet WitchX-Men, the
75%
Black PantherFantastic Four, the
67%
HulkIncredible Hulk, the
67%
PunisherAmazing Spider-Man, the
58%
DaredevilDaredevil
50%
Carol Danvers (Ms. Marvel/Captain Marvel)Marvel Super-Heroes
50%
Iron ManTales of Suspense
50%
ThorJourney into Mystery
42%
Doctor StrangeStrange Tales
42%
Black WidowTales of Suspense
42%
HawkeyeTales of Suspense
42%
WaspTales to Astonish
25%

Score Distribution

Percentile by Number Answered

Percent of People with Each Score

Your Score History

You have not taken this quiz